<?xml version="1.0" encoding="UTF-8"?>
<collection xmlns="http://www.loc.gov/MARC21/slim">
 <record>
  <leader>00625pamaa2200181   4500</leader>
  <controlfield tag="001">0000032828</controlfield>
  <controlfield tag="005">20140428090000.0</controlfield>
  <controlfield tag="008">101129                             eng  </controlfield>
  <datafield tag="020" ind1="0" ind2="0">
   <subfield code="a">9789676594112 (pbk.) </subfield>
  </datafield>
  <datafield tag="090" ind1="0" ind2="0">
   <subfield code="a">PE1127.S3 </subfield>
   <subfield code="b">LIM 2007</subfield>
  </datafield>
  <datafield tag="100" ind1="1" ind2="0">
   <subfield code="a">Lim Hoy Kiang </subfield>
  </datafield>
  <datafield tag="245" ind1="1" ind2="0">
   <subfield code="a">Essential english for science and technology : </subfield>
   <subfield code="b">reading, writing and study skills  </subfield>
   <subfield code="c">Lim Hoy Kiang, Narindar Kaur Chinjer.</subfield>
  </datafield>
  <datafield tag="260" ind1="0" ind2="0">
   <subfield code="a">Shah Alam: </subfield>
   <subfield code="b">Oxford Fajar Sdn. Bhd, </subfield>
   <subfield code="c">2007.</subfield>
  </datafield>
  <datafield tag="300" ind1=" " ind2=" ">
   <subfield code="a">vi, 202: </subfield>
   <subfield code="b">ill.; </subfield>
   <subfield code="c">26 cm.</subfield>
  </datafield>
  <datafield tag="501" ind1="0" ind2="0">
   <subfield code="a">FOLLA</subfield>
  </datafield>
  <datafield tag="650" ind1="0" ind2="0">
   <subfield code="a">English language -- </subfield>
   <subfield code="x">Technical English </subfield>
  </datafield>
  <datafield tag="700" ind1="1" ind2="1">
   <subfield code="a">Narindar Kaur Chinjer </subfield>
  </datafield>
  <datafield tag="901" ind1=" " ind2=" ">
   <subfield code="u">www.oup.com</subfield>
  </datafield>
 </record>
</collection>
